| 000 | 004860000a22001930004500 | ||
|---|---|---|---|
| 001 | 000507 | ||
| 003 | MACL | ||
| 005 | 20150714145817.0 | ||
| 008 | 150714b xxu||||| |||| 00| 0 eng d | ||
| 040 |
_aMACL _cMACL |
||
| 041 | _aEnglish | ||
| 082 | _a323.44/MIS | ||
| 100 |
_aMishra, Anil Dutta _92059 |
||
| 245 |
_aGandhism After Gandhi _cAnil Dutta Mishra |
||
| 260 |
_aNew Delhi _c1999 _bMittal Publications, |
||
| 350 | _a495 | ||
| 650 |
_aPolitical Science _988 |
||
| 942 |
_k323 _cBK _2ddc |
||
| 999 |
_c508 _d508 |
||